000 01207nam a2200229Ia 4500
999 _c39230
_d39230
001 5816
003 GE_BSU
005 20190604144809.0
008 181216s1980||||ge |||||||||||||| ||geo||
040 _cGE_BSU
041 _ageo
080 _a692(076) მ-50
245 _aმეთოდური მითითებები მშენებლობის სახართაღრიცხვო ღირებულების გაანგარიშებაში /
_cშემდგ. : შ. სირაძე, ა. სანიკიძე და სხვ. ; რედ. ე. გიორგაძე.
264 _aთბილისი :
_bსპი,
_c1980.
300 _a68 გვ. ;
_c20 სმ.
504 _aბიბლიოგრ. : გვ.67.
653 _aმშენებლობის სახართაღრიცხვო ღირებულების გაანგარიშება.
700 _aშ. სირაძე
_eშემდგენელი
_92039
700 _aა. სანიკიძე
_eშემდგენელი
_92040
700 _aე. გიორგაძე
_eრედაქტორი
_92041
942 _cBK
_2udc